01039nam a22002537a 4500999001700000005001700017008004100034020001500075040000900090041000800099050002800107100002300135245007400158260004700232300003200279500018400311650005100495650004300546650004300589650002400632850000900656942001200665952010800677 c50195d5019520210325200518.0 s2005 eng d a9748318036 aNALT aeng aDS 575.5.C6 bP72F 20050 aPrapassorn Sevikul10aFrom the Yellow River to the Chao Phraya River /cPrapassorn Sevikul. aBangkok : bThai Red Cross Society, c2005 a273, 6 p. :bill. ;c26 cm. aIn celebration of Her Royal Highness Princess Maha Chakri Sirindthorn Patron of Thai-Chinese relations : on the auspicious occasion of her 50th birthday anniversary, April 2, 200504aThailand -- Civilization -- Chinese influences04aChina -- Foreign relations -- Thailand04aThailand -- Foreign relations -- China04aChinese -- Thailand aNALT cGB2lcc 001040708CGBLaNALTbNALTl0oDS 575.5.C6 P72F 2005p3961163452r2017-06-09 00:00:00w2017-06-09yGB